000 00669nam a2200253Ia 4500
003 OSt
005 20221007104632.0
006 a|||||r|||| 00| 0
007 ta
008 221006b |||||||| |||| 00| 0 eng d
024 _a16,422
037 _cTextual
040 _aLCO
_cLCO
_beng
041 _2eng
_aeng
082 _aZ73v,w1, K8
100 _aMacdonell Sir John
_9706172
245 0 _aGreat Jurists of the World
260 _aNew
_bYork Augustus M. Kelly USA
_c1968
300 _a607
490 _vVol -22
650 _aGREAT JURISTS
_9706173
942 _hZ73v,w1, K8
_cTEXL
999 _c1185985
_d1185985